[Event "Sportsko leto 2013"]
[Site "Paracin"]
[Date "2013.07.06"]
[Round "2.2"]
[White "Tosic, Miroslav"]
[Black "Atalik, Suat"]
[Result "1-0"]
[WhiteElo "2421"]
[BlackElo "2568"]
[PlyCount "101"]
[EventDate "2013.??.??"]

1. e4 e5 2. Nf3 Nc6 3. Bb5 a6 4. Ba4 Nf6 5. d3 d6 6. c3 g6 7. O-O Bg7 8. b4 O-O
9. Bb3 a5 10. b5 Nb8 11. a4 Nbd7 12. Be3 b6 13. Nbd2 Bb7 14. Qc2 Qe7 15. Rfe1
h6 16. h3 Nc5 17. Bxc5 bxc5 18. d4 Nd7 19. Rad1 Rfc8 20. dxe5 Nxe5 21. Nxe5
Bxe5 22. Nf3 Re8 23. Bd5 Bxd5 24. exd5 Qf6 25. Re3 Bf4 26. Re4 Rxe4 27. Qxe4 h5
28. Re1 Kf8 29. g3 Bh6 30. Kg2 Rc8 31. h4 Kg8 32. c4 Kg7 33. Qc2 Kf8 34. Qb3
Rb8 35. Qc2 Ra8 36. Qe4 Rb8 37. Ng1 Bg7 38. Re3 Qe5 39. Qf3 Qf6 40. Qe2 Qb2 41.
Qf3 Bf6 42. Nh3 Kg7 43. Ng5 Rf8 44. Rb3 Qd4 45. Ne4 Be5 46. Qe2 Re8 47. Re3 Qb2
48. Qxb2 Bxb2 49. Nxd6 Rxe3 50. fxe3 Kf8 51. Nb7 1-0

[Event "Sportsko leto 2013"]
[Site "Paracin"]
[Date "2013.07.06"]
[Round "2.4"]
[White "Olszewski, Michal"]
[Black "Nenezic, Marko"]
[Result "1-0"]
[WhiteElo "2551"]
[BlackElo "2391"]
[PlyCount "105"]
[EventDate "2013.??.??"]

1. d4 Nf6 2. c4 g6 3. Nc3 Bg7 4. e4 d6 5. h3 O-O 6. Nf3 e5 7. d5 Na6 8. Bg5 h6
9. Be3 Nc5 10. Nd2 a5 11. Be2 Bd7 12. g4 c6 13. h4 a4 14. g5 hxg5 15. hxg5 Nh7
16. Rg1 Qa5 17. a3 cxd5 18. cxd5 b5 19. Rc1 Rfc8 20. Rg3 Rab8 21. Kf1 Bf8 22.
Kg2 b4 23. Na2 bxa3 24. bxa3 Nb3 25. Rxc8 Bxc8 26. Nb4 Rxb4 27. axb4 Qxb4 28.
Qb1 Qc3 29. Nxb3 axb3 30. Qc1 Qb4 31. Qxc8 b2 32. Bd3 b1=Q 33. Bxb1 Qxb1 34.
Rg4 Kg7 35. Rh4 Be7 36. Qe8 Qb7 37. Rxh7+ Kxh7 38. Qxf7+ Kh8 39. Bd2 Qd7 40.
Kg3 Qb7 41. Bc3 Qc8 42. Bxe5+ dxe5 43. Qxe7 Qc3+ 44. Kg2 Qd4 45. Qf8+ Kh7 46.
Qh6+ Kg8 47. Qxg6+ Kh8 48. Qf5 Kg7 49. Kg3 Qc3+ 50. Kg4 Qb2 51. Qf6+ Kg8 52. g6
Qe2+ 53. Qf3 1-0

[Event "Sportsko leto 2013"]
[Site "Paracin"]
[Date "2013.07.06"]
[Round "2.5"]
[White "Zlatanovic, Boroljub"]
[Black "Damljanovic, Branko"]
[Result "0-1"]
[WhiteElo "2416"]
[BlackElo "2544"]
[PlyCount "50"]
[EventDate "2013.??.??"]

1. Nc3 c5 2. e4 Nc6 3. f4 g6 4. Nf3 Bg7 5. g4 d6 6. h3 h5 7. g5 e6 8. Bg2 Nge7
9. O-O d5 10. d3 b6 11. Nh4 dxe4 12. dxe4 Ba6 13. Re1 Qxd1 14. Rxd1 Bd4+ 15.
Kh2 O-O-O 16. Bd2 Rd7 17. e5 Nb4 18. Ne4 Nxc2 19. Rac1 Ne3 20. Nd6+ Kc7 21.
Nxf7 Rf8 22. Nd6 Rxf4 23. Nf3 Rxf3 24. Bxf3 Bxe5+ 25. Kg1 Nxd1 0-1

[Event "Sportsko leto 2013"]
[Site "Paracin"]
[Date "2013.07.06"]
[Round "2.6"]
[White "Savic, Miodrag R"]
[Black "Cvetkovic, Srdjan"]
[Result "1-0"]
[WhiteElo "2529"]
[BlackElo "2385"]
[PlyCount "100"]
[EventDate "2013.??.??"]

1. e4 c5 2. Nf3 d6 3. c3 Nf6 4. h3 Nbd7 5. Bd3 g6 6. O-O Bg7 7. Bc2 O-O 8. d4
e5 9. Re1 b6 10. a4 Bb7 11. a5 bxa5 12. d5 Nb6 13. Nbd2 Qc7 14. c4 Bc8 15. Bd3
a4 16. Nb1 Bd7 17. Nc3 a6 18. Bd2 Nh5 19. Ne2 f5 20. Ba5 Rab8 21. Nc3 Qc8 22.
Bf1 Nf6 23. Ra3 h6 24. b3 Qe8 25. bxa4 Nxe4 26. Nxe4 fxe4 27. Nd2 e3 28. Rexe3
Bxa4 29. Qe2 Bc2 30. Ne4 Bxe4 31. Rxe4 Nd7 32. Bc7 Rb7 33. Bxd6 Rf6 34. Bxe5
Nxe5 35. Rxe5 Qd8 36. Re6 Rf4 37. g3 Rd4 38. Rf3 Kh7 39. Qc2 Qg5 40. Bd3 Rxd3
41. Qxd3 Bd4 42. Kg2 a5 43. h4 Qh5 44. d6 Rg7 45. Qe4 a4 46. Re7 a3 47. Rxa3
Qd1 48. Rf3 Bb2 49. h5 Qxd6 50. hxg6+ Qxg6 1-0

[Event "Sportsko leto 2013"]
[Site "Paracin"]
[Date "2013.07.06"]
[Round "2.7"]
[White "Nestorovic, Lazar"]
[Black "Ulibin, Mihail"]
[Result "0-1"]
[WhiteElo "2394"]
[BlackElo "2529"]
[PlyCount "78"]
[EventDate "2013.??.??"]
[EventCountry "SER"]

1. d3 d5 2. g3 g6 3. Bg2 Bg7 4. Nc3 d4 5. Ne4 Nc6 6. Nf3 e5 7. c3 Nge7 8. cxd4
exd4 9. h4 h6 10. h5 f5 11. Ned2 g5 12. Qb3 Qd5 13. Nc4 Qf7 14. Bd2 Rb8 15.
O-O-O Be6 16. a4 O-O 17. e3 a6 18. a5 dxe3 19. fxe3 b5 20. axb6 Rxb6 21. Qxb6
cxb6 22. Nd6 Bxb2+ 23. Kxb2 Qh7 24. e4 Rd8 25. e5 g4 26. Nh4 Nxe5 27. Bc3 N5c6
28. Nc4 b5 29. Rhe1 Bd5 30. Bxd5+ Nxd5 31. Re6 Nxc3 32. Kxc3 Qh8+ 33. d4 Nxd4
34. Rg6+ Kh7 35. Nd6 Nf3+ 36. Kb3 Nxh4 37. gxh4 Qe5 38. Rc1 Qd5+ 39. Kb2 Rxd6
0-1

[Event "Sportsko leto 2013"]
[Site "Paracin"]
[Date "2013.07.06"]
[Round "2.8"]
[White "Burovic, Ismet"]
[Black "Kosic, Dragan"]
[Result "1/2-1/2"]
[WhiteElo "2361"]
[BlackElo "2490"]
[PlyCount "43"]
[EventDate "2013.??.??"]

1. e4 c5 2. d3 Nc6 3. g3 d5 4. Nd2 Nf6 5. Bg2 Bg4 6. f3 Bc8 7. Ne2 e5 8. O-O h5
9. exd5 Nxd5 10. Nc4 h4 11. Nc3 hxg3 12. hxg3 Nxc3 13. bxc3 Be6 14. Qe2 Bd6 15.
Rb1 Bxc4 16. dxc4 Qc7 17. f4 O-O-O 18. f5 e4 19. Bf4 Bxf4 20. Rxf4 Qa5 21. Qxe4
Rd6 22. Rff1 1/2-1/2

[Event "Sportsko leto 2013"]
[Site "Paracin"]
[Date "2013.07.06"]
[Round "2.10"]
[White "Cabarkapa, Novak"]
[Black "Lajthajm, Borko"]
[Result "0-1"]
[WhiteElo "2356"]
[BlackElo "2477"]
[PlyCount "114"]
[EventDate "2013.??.??"]

1. e4 d6 2. d4 c6 3. Nc3 Nd7 4. Nf3 g6 5. Bd3 Bg7 6. O-O b5 7. Ne2 Nb6 8. h3 a6
9. Ng3 c5 10. c3 c4 11. Bc2 e6 12. Bg5 Ne7 13. Qd2 h6 14. Be3 Bb7 15. h4 Qc7
16. h5 Nd7 17. hxg6 fxg6 18. a4 Nf6 19. axb5 axb5 20. Rxa8+ Bxa8 21. Ra1 Bb7
22. e5 Ng4 23. exd6 Qxd6 24. Ne4 Bxe4 25. Bxe4 O-O 26. Ra7 Nd5 27. Qe2 g5 28.
Bxd5 exd5 29. Ne5 Nxe5 30. dxe5 Bxe5 31. Qc2 Rf7 32. Rxf7 Kxf7 33. Qf5+ Kg7 34.
Bc5 Bh2+ 35. Kh1 Qxc5 36. Kxh2 Qd6+ 37. Kg1 b4 38. Qg4 bxc3 39. bxc3 Qe5 40.
Qd7+ Kg6 41. g4 Qe4 42. Qd6+ Kf7 43. Qd7+ Kf6 44. Qd6+ Qe6 45. Qd8+ Ke5 46.
Qb8+ Ke4 47. Qg3 d4 48. Qg2+ Kd3 49. Qf3+ Kd2 50. cxd4 c3 51. d5 Qe1+ 52. Kg2
c2 53. d6 c1=Q 54. Qd5+ Kc2 55. Qa2+ Qb2 56. Qc4+ Kb1 57. Qd3+ Qc2 0-1

[Event "Sportsko leto 2013"]
[Site "Paracin, hotel "]
[Date "2013.07.06"]
[Round "2.13"]
[White "Cioara, Andrei-Nestor"]
[Black "Ionescu, Doru-Alexandru"]
[Result "1/2-1/2"]
[WhiteElo "2465"]
[BlackElo "2330"]
[PlyCount "42"]
[EventDate "2013.07.05"]

1. Nf3 Nf6 2. b3 d5 3. e3 Bf5 4. Bb2 e6 5. d4 Be7 6. Be2 h6 7. O-O O-O 8. Nbd2
c5 9. c4 Nc6 10. a3 dxc4 11. Nxc4 Rc8 12. Rc1 cxd4 13. Nxd4 Nxd4 14. Qxd4 Qxd4
15. Bxd4 b5 16. Ne5 Bxa3 17. Rxc8 Rxc8 18. Bxb5 Bc2 19. Bxa7 Bxb3 20. Bd4 Bd5
21. h3 Rc1 1/2-1/2

[Event "Sportsko leto 2013"]
[Site "Paracin, hotel "]
[Date "2013.07.06"]
[Round "2.14"]
[White "Ratkovic, Milovan"]
[Black "Kadric, Denis"]
[Result "1/2-1/2"]
[WhiteElo "2315"]
[BlackElo "2459"]
[PlyCount "86"]
[EventDate "2013.07.05"]

1. d4 d6 2. e4 g6 3. Nf3 Nf6 4. Nc3 Bg7 5. Bg5 c6 6. Qd2 O-O 7. Bh6 b5 8. Bd3
Qc7 9. h4 Bxh6 10. Qxh6 Ng4 11. Qd2 h5 12. Ne2 e5 13. Ng3 f6 14. c3 Qg7 15. a4
bxa4 16. Bc4+ Kh8 17. Rxa4 Nd7 18. Ra5 Nb6 19. Bb3 Qc7 20. Nh2 Kg7 21. Nxg4
Bxg4 22. f3 Bc8 23. Ra3 a5 24. O-O a4 25. Ba2 Ba6 26. Rf2 Nc4 27. Bxc4 Bxc4 28.
f4 exf4 29. Qxf4 Qe7 30. Ra1 Be6 31. Nf1 f5 32. e5 dxe5 33. Qxe5+ Qf6 34. Qc7+
Bf7 35. Nd2 Qxh4 36. Nf3 Qd8 37. Qxc6 Bd5 38. Qb5 Bxf3 39. Rxf3 Qb8 40. Qxb8
Rfxb8 41. Rf2 Rb3 42. Rc2 Kf6 43. Kf2 f4 1/2-1/2

[Event "Sportsko leto 2013"]
[Site "Paracin, hotel "]
[Date "2013.07.06"]
[Round "2.15"]
[White "Smith, Bryan G"]
[Black "Dinic, Dragan"]
[Result "1/2-1/2"]
[WhiteElo "2456"]
[BlackElo "2311"]
[PlyCount "104"]
[EventDate "2013.07.05"]

1. e4 e5 2. Nf3 Nc6 3. Bb5 f5 4. Nc3 fxe4 5. Nxe4 Nf6 6. Qe2 d5 7. Nxf6+ gxf6
8. d4 Bg7 9. dxe5 O-O 10. e6 Re8 11. O-O Rxe6 12. Be3 Ne5 13. Rad1 c6 14. Bd3
Re8 15. h3 Be6 16. Nd4 Qd7 17. Nxe6 Qxe6 18. Qh5 Nxd3 19. Rxd3 Qf7 20. Qd1 a6
21. Bd4 Re4 22. c3 Rae8 23. b4 Kh8 24. Rg3 Bh6 25. Rg4 Bf4 26. g3 Be5 27. Rxe4
dxe4 28. Re1 Bxd4 29. Qxd4 Qe6 30. g4 Kg7 31. a4 Kf7 32. Re3 Qd5 33. f3 exf3
34. Qxd5+ cxd5 35. Rxe8 Kxe8 36. Kf2 b5 37. axb5 axb5 38. Kxf3 Ke7 39. Kf4 Ke6
40. g5 fxg5+ 41. Kxg5 d4 42. cxd4 Kd5 43. h4 Kc4 44. Kh6 Kxb4 45. Kxh7 Kc4 46.
Kg8 b4 47. h5 b3 48. h6 b2 49. h7 b1=Q 50. h8=Q Qb8+ 51. Kh7 Qxh8+ 52. Kxh8
Kxd4 1/2-1/2

[Event "Sportsko leto 2013"]
[Site "Paracin, hotel "]
[Date "2013.07.06"]
[Round "2.17"]
[White "Bogdanovski, Vlatko"]
[Black "Ilic, Zoran S"]
[Result "1/2-1/2"]
[WhiteElo "2435"]
[BlackElo "2291"]
[PlyCount "46"]
[EventDate "2013.07.05"]

1. d4 Nf6 2. Nf3 g6 3. Bg5 Bg7 4. Nbd2 d6 5. c3 O-O 6. e3 c5 7. Bd3 Nc6 8. O-O
cxd4 9. exd4 h6 10. Bh4 Qc7 11. Re1 e5 12. dxe5 dxe5 13. Bb5 Nh5 14. Nc4 f6 15.
Qd6 Rf7 16. Rad1 Bg4 17. Ne3 Bxf3 18. gxf3 Rd8 19. Qxc7 Rxc7 20. Rxd8+ Nxd8 21.
Rd1 Nc6 22. Kf1 Kf8 23. Ke1 a6 1/2-1/2

[Event "Sportsko leto 2013"]
[Site "Paracin, hotel "]
[Date "2013.07.06"]
[Round "2.18"]
[White "Popovic, Aleksandar M"]
[Black "Strzemiecki, Zbigniew"]
[Result "1/2-1/2"]
[WhiteElo "2278"]
[BlackElo "2431"]
[PlyCount "70"]
[EventDate "2013.07.05"]

1. Nf3 e6 2. g3 b5 3. Bg2 Bb7 4. O-O Nf6 5. d3 d6 6. Na3 b4 7. Nc4 c5 8. e4
Nbd7 9. Bf4 d5 10. exd5 Bxd5 11. a3 a5 12. Nfe5 Nxe5 13. Bxe5 Bxg2 14. Kxg2 Nd5
15. Qh5 Qc8 16. Rfe1 Qc6 17. Kg1 Nb6 18. Re3 Nxc4 19. dxc4 h6 20. Rae1 g6 21.
Qh3 Rh7 22. Bf6 Be7 23. Qh4 g5 24. Qh5 Kf8 25. Bxe7+ Kxe7 26. Rd1 Rd8 27. Rxd8
Kxd8 28. h4 gxh4 29. Qxh4+ Ke8 30. Qf6 h5 31. Rb3 Qc7 32. Qg5 Rh8 33. Qg7 Rf8
34. Qh6 Qe5 35. Rd3 Ke7 1/2-1/2

[Event "Sportsko leto 2013"]
[Site "Paracin, hotel "]
[Date "2013.07.06"]
[Round "2.20"]
[White "Kuzmanovic, Slobodan"]
[Black "Abramovic, Bosko"]
[Result "0-1"]
[WhiteElo "2146"]
[BlackElo "2427"]
[PlyCount "94"]
[EventDate "2013.07.05"]

1. Nf3 Nf6 2. c4 d6 3. g3 g6 4. Bg2 Bg7 5. Nc3 O-O 6. b3 e5 7. Bb2 Re8 8. O-O
c6 9. d4 e4 10. Ne1 d5 11. Nc2 h5 12. Bc1 Be6 13. Bg5 Qd7 14. c5 Bh3 15. Qd2
Na6 16. Rae1 Bxg2 17. Kxg2 Nc7 18. f3 exf3+ 19. exf3 Ne6 20. Bh4 Nh7 21. f4 Bh6
22. Ne3 Ng7 23. Qd3 Re6 24. f5 Rxe3 25. Rxe3 Bxe3 26. fxg6 fxg6 27. Qxe3 Nf5
28. Qf4 Re8 29. Rf2 Re3 30. Rf3 Qe8 31. Rxe3 Qxe3 32. Qxe3 Nxe3+ 33. Kf3 Nc2
34. Kf4 Nxd4 35. Ke5 Nf3+ 36. Kd6 g5 37. b4 gxh4 38. gxh4 Nf6 39. Kc7 Ne4 40.
Nd1 d4 41. Kxb7 Ne5 42. a4 Nc3 43. Nb2 d3 44. Kc7 d2 45. a5 Nd3 46. b5 Nxb5+
47. Kxc6 Nxb2 0-1

[Event "Sportsko leto 2013"]
[Site "Paracin, hotel "]
[Date "2013.07.06"]
[Round "2.22"]
[White "Kasparova, Tatiana"]
[Black "Gleizerov, Evgeny"]
[Result "1/2-1/2"]
[WhiteElo "2133"]
[BlackElo "2553"]
[PlyCount "111"]
[EventDate "2013.07.05"]

1. e4 e6 2. d4 d5 3. exd5 exd5 4. Bd3 c5 5. Nf3 c4 6. Be2 Bd6 7. O-O Ne7 8. b3
cxb3 9. axb3 Nbc6 10. c4 O-O 11. Nc3 Bg4 12. c5 Bc7 13. Bb2 a6 14. Qd2 Nf5 15.
Ne5 Bxe2 16. Nxe2 Nfxd4 17. Bxd4 Nxe5 18. Rad1 Nc6 19. Ng3 Bxg3 20. hxg3 Qa5
21. Bc3 Qd8 22. Qxd5 Qxd5 23. Rxd5 Rad8 24. Rfd1 Rxd5 25. Rxd5 Rd8 26. Rxd8+
Nxd8 27. Kf1 Ne6 28. b4 Kf8 29. Ke2 Ke7 30. Kd3 Kd7 31. Kc4 Kc6 32. f3 g6 33.
Be5 f5 34. Bf6 h5 35. Be5 g5 36. Bf6 g4 37. f4 Nf8 38. Be5 Ng6 39. Bf6 Nf8 40.
Be5 Ne6 41. Bf6 Nc7 42. Be5 Nd5 43. Bd4 Nc7 44. Be5 Nb5 45. Bb2 b6 46. cxb6
Nd6+ 47. Kd4 Kxb6 48. Bc3 Nb5+ 49. Kc4 Kc6 50. Be5 Na7 51. Bd4 Nb5 52. Be5 Na3+
53. Kb3 Nb1 54. Kc2 Na3+ 55. Kb3 Nb5 56. Kc4 1/2-1/2

[Event "Sportsko leto 2013"]
[Site "Paracin, hotel "]
[Date "2013.07.06"]
[Round "2.24"]
[White "Kovacevic, Bozidar"]
[Black "Irizanin, Radoje"]
[Result "0-1"]
[WhiteElo "1933"]
[BlackElo "2333"]
[PlyCount "60"]
[EventDate "2013.07.05"]

1. Nf3 c5 2. g3 Nc6 3. Bg2 g6 4. c4 Bg7 5. Nc3 d6 6. b3 Nf6 7. Bb2 O-O 8. O-O
a6 9. d4 Bd7 10. dxc5 dxc5 11. Nd5 Re8 12. Nxf6+ exf6 13. e3 Qc7 14. Qe2 Rad8
15. Rfd1 Bg4 16. Rxd8 Qxd8 17. Rd1 Qc8 18. Rd5 Nb4 19. Rd6 Nxa2 20. Bxf6 Bxf6
21. Qxa2 Be7 22. Rd2 Be6 23. Ne5 Bf6 24. Nd3 g5 25. Qa5 Rd8 26. Nb2 b6 27.
Rxd8+ Qxd8 28. Qa1 Qd2 29. Qd1 Qxb2 30. Bd5 Qa1 0-1

[Event "Sportsko leto 2013"]
[Site "Paracin, hotel "]
[Date "2013.07.06"]
[Round "2.25"]
[White "Isak, Igor G"]
[Black "Mladenovic, Stefan"]
[Result "0-1"]
[WhiteElo "2053"]
[BlackElo "2307"]
[PlyCount "102"]
[EventDate "2013.07.05"]

1. e4 c5 2. Nf3 d6 3. Nc3 Nf6 4. e5 dxe5 5. Nxe5 Nbd7 6. Nc4 Nb6 7. Ne3 g6 8.
Be2 Bg7 9. Bf3 O-O 10. O-O e6 11. b3 Nfd5 12. Bb2 Nxc3 13. Bxc3 Bxc3 14. dxc3
Qc7 15. a4 Rd8 16. Qe2 Nd5 17. Nxd5 exd5 18. a5 Rb8 19. Rfd1 Be6 20. Rd2 Rd7
21. Qb5 Rbd8 22. Rad1 b6 23. axb6 axb6 24. c4 dxc4 25. Rxd7 Rxd7 26. Rxd7 Qxd7
27. Qxd7 Bxd7 28. bxc4 Be6 29. Be2 Kf8 30. f3 Ke7 31. Kf2 Kd6 32. Ke3 Kc6 33.
c3 Kb7 34. Kd3 Ka6 35. Bd1 Ka5 36. g3 f6 37. f4 Bd7 38. h4 Be6 39. Bf3 Ka4 40.
Bd5 Bf5+ 41. Kd2 Kb3 42. Bg8 h6 43. Bf7 g5 44. fxg5 fxg5 45. hxg5 hxg5 46. Bd5
Bh3 47. Be4 Kxc4 48. Kc2 Bd7 49. Bd3+ Kd5 50. Kb3 b5 51. c4+ Kd4 0-1

[Event "Sportsko leto 2013"]
[Site "Paracin, hotel "]
[Date "2013.07.06"]
[Round "2.26"]
[White "Maksimovic, Branimir"]
[Black "Markovic, Aleksandar"]
[Result "1/2-1/2"]
[WhiteElo "2423"]
[BlackElo "2111"]
[PlyCount "57"]
[EventDate "2013.07.05"]

1. c4 Nf6 2. g3 c5 3. Bg2 Nc6 4. Nc3 g6 5. Nf3 d6 6. d4 cxd4 7. Nxd4 Bd7 8. O-O
Bg7 9. b3 O-O 10. Bb2 Nxd4 11. Qxd4 Bc6 12. Nd5 Nh5 13. Qd2 Bxb2 14. Qxb2 e6
15. Nc3 Bxg2 16. Kxg2 Nf6 17. Rfd1 Qe7 18. Rd4 Rfd8 19. Rad1 d5 20. Qd2 Re8 21.
cxd5 Nxd5 22. Nxd5 exd5 23. e3 Rac8 24. Qa5 Rc2 25. Qxa7 Rxf2+ 26. Kxf2 Qxe3+
27. Kg2 Qe2+ 28. Kg1 Qe3+ 29. Kg2 1/2-1/2

[Event "Sportsko leto 2013"]
[Site "Paracin, hotel "]
[Date "2013.07.06"]
[Round "2.27"]
[White "Pantelic, Sasa"]
[Black "Scekic, Veljko"]
[Result "1-0"]
[WhiteElo "2331"]
[BlackElo "2181"]
[PlyCount "53"]
[EventDate "2013.07.05"]

1. d4 d5 2. c4 c6 3. cxd5 cxd5 4. Nc3 Nf6 5. Bf4 Nc6 6. e3 a6 7. Bd3 g6 8. Nf3
Bg7 9. h3 O-O 10. O-O Re8 11. Rc1 h6 12. a3 g5 13. Bh2 g4 14. hxg4 Nxg4 15. Bg3
e5 16. dxe5 Bxe5 17. Nxe5 Ncxe5 18. Nxd5 Be6 19. e4 f5 20. Be2 fxe4 21. Nc7 Qg5
22. Nxe8 Rxe8 23. Qa4 Qg6 24. Rfd1 b5 25. Qxa6 Nxf2 26. Bxf2 Qg5 27. Rc3 1-0

[Event "Sportsko leto 2013"]
[Site "Paracin, hotel "]
[Date "2013.07.06"]
[Round "2.28"]
[White "Persson, Richard"]
[Black "Todic, Zoran"]
[Result "0-1"]
[WhiteElo "2175"]
[BlackElo "2275"]
[PlyCount "58"]
[EventDate "2013.07.05"]

1. e4 e5 2. Nf3 d6 3. d4 Qe7 4. dxe5 dxe5 5. Bc4 h6 6. Nc3 c6 7. Qe2 Nf6 8. Bd2
b5 9. Bd3 Nbd7 10. O-O g5 11. a4 b4 12. Nd1 Rb8 13. c3 b3 14. Be3 Nc5 15. Nd2
Qc7 16. f3 Nh5 17. g3 Rg8 18. Bc4 Bh3 19. Re1 Nf4 20. Bxf4 gxf4 21. g4 Qd8 22.
Nf2 Qh4 23. Kh1 Rg6 24. Rg1 Rd6 25. Qe1 Be7 26. Be2 Rxd2 27. Qxd2 Qxf2 28. Qe1
Qe3 29. Rd1 Nxe4 0-1

[Event "Sportsko leto 2013"]
[Site "Paracin, hotel "]
[Date "2013.07.06"]
[Round "2.29"]
[White "Zajic, Milan"]
[Black "Secheres, Adrian-Simion"]
[Result "1-0"]
[WhiteElo "2272"]
[BlackElo "2143"]
[PlyCount "47"]
[EventDate "2013.07.05"]

1. e4 c5 2. Nf3 d6 3. d4 cxd4 4. Nxd4 Nf6 5. Nc3 g6 6. Be3 Bg7 7. Be2 Nc6 8.
O-O O-O 9. Qd2 Ng4 10. Bxg4 Bxg4 11. Nd5 Rc8 12. c4 Bd7 13. Rac1 Ne5 14. b3 e6
15. Nc3 a6 16. Nde2 Bc6 17. a4 Qa5 18. h3 Rfd8 19. Rfd1 Nd7 20. Bd4 Nc5 21.
Bxg7 Kxg7 22. Qb2 Kg8 23. b4 Nxa4 24. Nxa4 1-0

[Event "Sportsko leto 2013"]
[Site "Paracin, hotel "]
[Date "2013.07.06"]
[Round "2.30"]
[White "Dodic, Dragan"]
[Black "Sorgic, Dragan"]
[Result "0-1"]
[WhiteElo "2141"]
[BlackElo "2265"]
[PlyCount "90"]
[EventDate "2013.07.05"]

1. d4 Nf6 2. c4 g6 3. Nc3 Bg7 4. e4 d6 5. h3 O-O 6. Bd3 e5 7. d5 Nbd7 8. Bg5
Nc5 9. Bc2 a5 10. g4 c6 11. Nge2 cxd5 12. Nxd5 Ne6 13. Be3 Nd7 14. h4 Ndc5 15.
f3 Bd7 16. a4 Bc6 17. Nec3 Nd4 18. Nb5 Bxb5 19. axb5 Nce6 20. Bd3 f5 21. exf5
gxf5 22. gxf5 Nxf5 23. Qd2 Ned4 24. Bxd4 Nxd4 25. Be4 Nb3 26. Qd1 Nxa1 27. Qxa1
Kh8 28. Qb1 Rc8 29. Qd3 Qe8 30. h5 Bh6 31. Bxh7 Qf7 32. Be4 Qg7 33. Kf1 Qg5 34.
b3 Rg8 35. Bg6 Rcf8 36. Rh3 Qg4 37. f4 Bxf4 38. Rf3 Bh6 39. Nf6 e4 40. Nxg4
exd3 41. Rxf8 Rxf8+ 42. Ke1 d2+ 43. Ke2 Rf1 44. Bc2 Re1+ 45. Kf2 Bg5 0-1

[Event "Sportsko leto 2013"]
[Site "Paracin, hotel "]
[Date "2013.07.06"]
[Round "2.31"]
[White "Colovic, Zoran"]
[Black "Spiric, Igor"]
[Result "0-1"]
[WhiteElo "2112"]
[BlackElo "2255"]
[PlyCount "86"]
[EventDate "2013.07.05"]

1. e4 e6 2. d4 b6 3. Nf3 Bb7 4. Bd3 Nf6 5. e5 Nd5 6. a3 c5 7. c3 cxd4 8. cxd4
Ba6 9. Nc3 Nxc3 10. bxc3 Qc7 11. O-O Qxc3 12. Bxa6 Nxa6 13. Bd2 Qc6 14. Rc1 Qb7
15. Rc3 Rc8 16. Qc2 Rxc3 17. Qxc3 Be7 18. Bg5 Bxg5 19. Nxg5 h6 20. Rc1 O-O 21.
Nf3 b5 22. h3 b4 23. axb4 Nxb4 24. Rb1 a5 25. Qc5 Ra8 26. Nd2 Qc6 27. Nb3 Qxc5
28. Nxc5 Nc6 29. Nxd7 a4 30. Ra1 a3 31. Nc5 Nxd4 32. Ra2 Ra5 33. Nb7 Rb5 34.
Nd6 Rb1+ 35. Kh2 Rb3 36. f4 h5 37. Nc4 Nb5 38. Rd2 Rb4 39. Nd6 Rb2 40. Rd1 Nc3
41. Rd3 a2 42. Ne8 a1=Q 43. Rd8 Kh7 0-1

[Event "Sportsko leto 2013"]
[Site "Paracin, hotel "]
[Date "2013.07.06"]
[Round "2.32"]
[White "Budimir, Boris"]
[Black "Djordjevic, Vuk"]
[Result "1-0"]
[WhiteElo "2253"]
[BlackElo "2138"]
[PlyCount "63"]
[EventDate "2013.07.05"]

1. c4 e5 2. Nc3 Nc6 3. g3 d6 4. Bg2 Be6 5. d3 Qd7 6. a3 a5 7. Rb1 g6 8. b4 axb4
9. axb4 Bg7 10. b5 Nd8 11. Nd5 Ne7 12. Nxe7 Qxe7 13. h4 h6 14. Bd2 O-O 15. e3
f5 16. Ne2 c5 17. O-O Nf7 18. Nc3 e4 19. dxe4 Bxc4 20. Nd5 Bxd5 21. exd5 Rfd8
22. Qc2 Qf6 23. Rb3 Ne5 24. Bc3 Qf7 25. Bxe5 Bxe5 26. f4 Bg7 27. e4 Bd4+ 28.
Kh2 Rf8 29. Rbb1 Qf6 30. Rbe1 Ra5 31. exf5 gxf5 32. Re6 1-0

[Event "Sportsko leto 2013"]
[Site "Paracin, hotel "]
[Date "2013.07.06"]
[Round "2.33"]
[White "Petrovic, Marija"]
[Black "Vucinic, Gojko"]
[Result "1-0"]
[WhiteElo "2104"]
[BlackElo "2252"]
[PlyCount "59"]
[EventDate "2013.07.05"]

1. Nf3 c5 2. g3 Nc6 3. Bg2 g6 4. O-O Bg7 5. d3 e5 6. e4 Nge7 7. Be3 d6 8. c3
O-O 9. d4 exd4 10. cxd4 Bg4 11. dxc5 Bxb2 12. Nbd2 Bxa1 13. Qxa1 dxc5 14. Bh6
f6 15. Bxf8 Qxf8 16. e5 Bxf3 17. Nxf3 f5 18. Re1 Rb8 19. Qd1 Qd8 20. Qc1 b6 21.
Ng5 Na5 22. Rd1 Qc7 23. Rd6 f4 24. Ne6 Qc8 25. Qxf4 Qe8 26. Qf6 Qf7 27. Rd7 Re8
28. Ng5 Qf8 29. Rxe7 Rxe7 30. Bd5+ 1-0

[Event "Sportsko leto 2013"]
[Site "Paracin, hotel "]
[Date "2013.07.06"]
[Round "2.35"]
[White "Jovanovic, Aleksandar D"]
[Black "Tisma, Ivan"]
[Result "1-0"]
[WhiteElo "2229"]
[BlackElo "2096"]
[PlyCount "55"]
[EventDate "2013.07.05"]

1. d4 Nf6 2. c4 g6 3. Nc3 Bg7 4. e4 O-O 5. Nf3 c6 6. Be2 d5 7. e5 Ne4 8. O-O
Nxc3 9. bxc3 dxc4 10. Bxc4 b5 11. Bb3 Na6 12. Ng5 Nc7 13. a4 h6 14. Ne4 a5 15.
f4 Nd5 16. Qf3 bxa4 17. Bxa4 Qc7 18. c4 Nb6 19. Bxc6 Ra7 20. c5 Nc4 21. Bb5 Be6
22. Ra4 Rd8 23. Bxc4 Rxd4 24. Bxe6 Rxa4 25. Bxf7+ Kh7 26. Bb3 Rb4 27. Ba3 Rxb3
28. Qxb3 1-0

[Event "Sportsko leto 2013"]
[Site "Paracin, hotel "]
[Date "2013.07.06"]
[Round "2.38"]
[White "Tadic, Katarina"]
[Black "Djordjevic, Gradimir"]
[Result "1/2-1/2"]
[WhiteElo "2069"]
[BlackElo "2216"]
[PlyCount "110"]
[EventDate "2013.07.05"]

1. Nf3 d5 2. d4 Nf6 3. c4 e6 4. g3 c6 5. Qc2 Be7 6. Bg2 O-O 7. O-O Nbd7 8. Rd1
Ne4 9. Nbd2 f5 10. Ne1 Ndf6 11. f3 Nd6 12. Nd3 Nf7 13. b3 Re8 14. Bb2 Bd6 15.
Ne5 Qc7 16. Nxf7 Qxf7 17. e4 fxe4 18. fxe4 Ng4 19. Nf1 Rf8 20. Rd2 Bd7 21. h3
Nh6 22. e5 Be7 23. g4 a5 24. Nh2 a4 25. Rf1 Qg6 26. Qxg6 hxg6 27. Nf3 axb3 28.
axb3 Ra2 29. Bc3 Rfa8 30. c5 R2a3 31. Rb1 b6 32. Bb4 Ra1 33. Rdd1 R1a2 34. Rdc1
bxc5 35. Bxc5 Bxc5 36. Rxc5 Nf7 37. Bf1 R2a3 38. Kf2 Nd8 39. Bd3 Be8 40. Ng5
Kf8 41. Ke3 Ke7 42. Rc2 Rb8 43. b4 Rb6 44. Kd2 Nb7 45. Rcb2 Ra8 46. Kc3 Nd8 47.
Nf3 Ra3+ 48. Rb3 Ra2 49. R3b2 Ra8 50. Nh4 Ra3+ 51. Rb3 Ra2 52. R1b2 Ra1 53. Rb1
Ra2 54. R3b2 Ra3+ 55. Rb3 Ra2 1/2-1/2

[Event "Sportsko leto 2013"]
[Site "Paracin, hotel "]
[Date "2013.07.06"]
[Round "2.39"]
[White "Popovic, Milan S"]
[Black "Radovic, Luka"]
[Result "1-0"]
[WhiteElo "2212"]
[BlackElo "2065"]
[PlyCount "25"]
[EventDate "2013.07.05"]

1. e4 c5 2. Nf3 d6 3. d4 cxd4 4. Nxd4 Nf6 5. Nc3 a6 6. Bc4 e6 7. Bg5 Nbd7 8. f4
b5 9. Bxe6 fxe6 10. Nxe6 Qb6 11. Nd5 Nxd5 12. Qxd5 Bb7 13. Nc7+ 1-0

[Event "Sportsko leto 2013"]
[Site "Paracin, hotel "]
[Date "2013.07.06"]
[Round "2.40"]
[White "Stojkovska, Monika"]
[Black "Zlatanovic, Zoran"]
[Result "1-0"]
[WhiteElo "2005"]
[BlackElo "2210"]
[PlyCount "122"]
[EventDate "2013.07.05"]

1. e4 c5 2. Nf3 d6 3. d4 cxd4 4. Qxd4 a6 5. c4 Qc7 6. Nc3 e6 7. b3 Nf6 8. Be2
Be7 9. O-O O-O 10. Bb2 Nbd7 11. Na4 e5 12. Qd3 b5 13. Nc3 Nc5 14. Qc2 b4 15.
Nd5 Nxd5 16. cxd5 f5 17. Nd2 fxe4 18. Nxe4 Bf5 19. Bd3 Rac8 20. Nf6+ Rxf6 21.
Bxf5 Rcf8 22. Bxh7+ Kh8 23. Bd3 Qb6 24. Bg6 Rf4 25. Bc1 Rd4 26. Qe2 Rh4 27. g3
Rh7 28. Bxh7 Kxh7 29. Be3 Qa5 30. Qh5+ Kg8 31. Qg6 Bf6 32. h4 Nd7 33. Qg4 Rf7
34. Rfd1 e4 35. Rab1 Re7 36. h5 Ne5 37. Qxe4 Qxa2 38. h6 gxh6 39. Bxh6 Qa5 40.
Rbc1 Qd8 41. Qxb4 Qd7 42. Kg2 Ng4 43. Bf4 Qf5 44. Qd2 Rh7 45. Rh1 Re7 46. Rce1
Rc7 47. Rc1 Re7 48. Bxd6 Qe4+ 49. f3 Ne3+ 50. Kf2 Ng4+ 51. Kg2 Ne3+ 52. Kf2
Ng4+ 53. Kg2 Ne3+ 54. Kh2 Rh7+ 55. Kg1 Rxh1+ 56. Kxh1 Qxf3+ 57. Kh2 Ng4+ 58.
Kg1 Qe4 59. Bc5 Ne5 60. Qe3 Qxd5 61. Rf1 Ng4 1-0